Súčasné trendy v logistike z pohľadu slovenských priemyselných podnikov
Súčasný stav logistiky na Slovensku, existujúce nedostatky a návrhy na ich riešenie. Možnosti slovenských firiem obstáť v konkurencii silných nadnárodných logistických koncernov úspešne etablovaných na slovenskom trhu.
Saved in:
| Main Author: | |
|---|---|
| Other Authors: | |
| Format: | Book Chapter |
| Language: | Slovak |
| Subjects: | |
| Tags: |
No Tags, Be the first to tag this record!
|
MARC
| LEADER | 00000naa$a2200000$$$4500 | ||
|---|---|---|---|
| 001 | 0095842 | ||
| 005 | 20240522075519.1 | ||
| 041 | 0 | |a slo | |
| 044 | |a SK | ||
| 245 | 1 | 0 | |a Súčasné trendy v logistike z pohľadu slovenských priemyselných podnikov |c Mária Dzurová, Dáša Zaujecová |
| 520 | |a Súčasný stav logistiky na Slovensku, existujúce nedostatky a návrhy na ich riešenie. Možnosti slovenských firiem obstáť v konkurencii silných nadnárodných logistických koncernov úspešne etablovaných na slovenskom trhu. | ||
| 610 | 2 | 0 | |a logistika |
| 610 | 2 | 0 | |a Slovensko |
| 610 | 2 | 0 | |a optimalizácia |
| 610 | 2 | 0 | |a konkurencia |
| 610 | 2 | 0 | |a konkurencieschopnosť |
| 610 | 2 | 0 | |a reťazce distribučné |
| 610 | 2 | 0 | |a reťazce logistické |
| 100 | 1 | |a Dzurová, Mária | |
| 700 | 1 | |a Zaujecová, Dáša | |